000 00361nam a2200133Ia 4500
005 20260328104339.0
008 260328s9999||||xx |||||||||||||| ||und||
100 _aVenturi, Robert
245 0 _aComplexity and Contradiction in Architecture /
_cRobert Venturi
260 _bThe Museum of Modern Art
300 _a135 p.
650 _aARQUITECTURA
942 _cBK
999 _c12023
_d12023